| 000 | 01902nam0a2200337 i 4500 | ||
|---|---|---|---|
| 001 | RU\NLR\bibl\2011290 | ||
| 005 | 20260405112921.0 | ||
| 010 |
_a9785918792353 _9100 |
||
| 021 |
_aRU _b2013-13622 _9974 |
||
| 035 | _a(NLR Aleph) 001999830 | ||
| 090 |
_a4343308 _c4343308 |
||
| 100 | _a20130314d2012 u y0rusy50 ca | ||
| 101 | 0 | _arus | |
| 102 | _aRU | ||
| 105 | _ay ||||||||| | ||
| 200 | 1 |
_aПсихология медиа-безопасности _eучебное пособие _fСмирнов В. М., Коповой А.С. _gБалашов. ин-т (фил.) Федер. гос. бюджет. образоват. учреждения высш. проф. образования "Сарат. гос. ун-т им. Н. Г. Чернышевского" |
|
| 210 |
_aСаратов _cСаратовский источник _d2012 |
||
| 215 |
_a93 с. _d21 |
||
| 300 | _aНа обл. подзаг.: учебное пособие для студентов | ||
| 320 | _aБиблиогр.: с. 88-92 (68 назв.) | ||
| 606 | 1 |
_aСредства массовой информации _jУчебные издания для высших учебных заведений _xСоциально-психологические исследования _92530352 _3RU\NLR\AUTH\661498804 |
|
| 606 | 1 |
_aИнформационная безопасность _jУчебные издания для высших учебных заведений _92404044 _3RU\NLR\AUTH\661432840 |
|
| 686 | 1 | _aС550.57я73 | |
| 700 | 1 |
_4070 _7ca _8rus _aСмирнов _bВ. М. _cканд. психол. наук _gВиктор Михайлович _926605 _3RU\NLR\auth\7743662 |
|
| 701 | 1 |
_aКоповой _bА. С. _gАндрей Сергеевич _4070 |
|
| 801 | 0 |
_aRU _bNLR _c20130314 _gRCR |
|
| 801 | 1 |
_aRU _bNLR _c20130314 |
|
| 942 | _cBOOK | ||
| 980 | _aNBR | ||